[Event "Calgary CICC op"]
[Site "Calgary CAN"]
[Date "2009.05.16"]
[Round "4"]
[White "Ristovic, Nenad"]
[Black "Me, Kevin"]
[Result "0-1"]
[WhiteElo "2252"]
[BlackElo "2116"]
[PlyCount "96"]
[GameId "2160767910156763"]
[EventDate "2009.05.14"]
[EventType "swiss"]
[EventRounds "9"]
[EventCountry "CAN"]
[SourceTitle "CBM 130 Extra"]
[Source "ChessBase"]
[SourceDate "2009.07.02"]
[SourceVersion "2"]
[SourceVersionDate "2009.07.15"]
[SourceQuality "1"]

1. d4 Nf6 2. c4 g6 3. Nc3 Bg7 4. g3 d6 5. Bg2 O-O 6. Nf3 c5 7. d5 Re8 8. O-O Na6 9. h3 Nc7 10. a4 a5 11. e4 Nd7 12. Be3 Na6 13. Qe2 Nb4 14. Ne1 Nb6 15. f4 f5 16. e5 dxe5 17. fxe5 Bxe5 18. Bxc5 Bxg3 19. b3 Bd6 20. Bf2 Nd7 21. Nb5 Ra6 22. Nf3 Bc5 23. Nbd4 Nf6 24. Ng5 Bxd4 25. Bxd4 e6 26. Rae1 exd5 27. Bxf6 Qb6+ 28. Qf2 Qxf2+ 29. Kxf2 Nd3+ 30. Kg1 Rxe1 31. Rxe1 Nxe1 32. Bxd5+ Kf8 33. Nxh7+ Ke8 34. c5 Nd3 35. Bc4 Nxc5 36. Bxa6 bxa6 37. Bc3 Nxb3 38. Nf6+ Kf7 39. Nd5 Bd7 40. Nb6 Be6 41. Kf2 g5 42. Kf3 Kg6 43. Be1 Nd4+ 44. Kg2 Nc6 45. Kf3 Nb4 46. h4 g4+ 47. Kg3 f4+ 48. Kxf4 Nd3+ 0-1

[Event "Calgary CICC op"]
[Site "Calgary CAN"]
[Date "2009.05.16"]
[Round "5"]
[White "Fedorowicz, John"]
[Black "Kazmaier, Daniel"]
[Result "1/2-1/2"]
[WhiteElo "2485"]
[BlackElo "2135"]
[PlyCount "91"]
[GameId "2160767910156764"]
[EventDate "2009.05.14"]
[EventType "swiss"]
[EventRounds "9"]
[EventCountry "CAN"]
[SourceTitle "CBM 130 Extra"]
[Source "ChessBase"]
[SourceDate "2009.07.02"]
[SourceVersion "2"]
[SourceVersionDate "2009.07.15"]
[SourceQuality "1"]

1. d4 f5 2. Nf3 Nf6 3. g3 g6 4. Bg2 Bg7 5. O-O O-O 6. c4 d6 7. Nc3 Qe8 8. Nd5 Nxd5 9. cxd5 Qb5 10. Ng5 c6 11. a4 Qb6 12. dxc6 bxc6 13. d5 c5 14. h4 h6 15. Nh3 Nd7 16. Rb1 Ne5 17. b3 Rb8 18. Bd2 Bd7 19. Bc3 Qa6 20. Nf4 Kh7 21. h5 g5 22. Bxe5 dxe5 23. Ng6 Rfe8 24. Qc2 Rbc8 25. Rfc1 Qf6 26. g4 Kg8 27. gxf5 Bxf5 28. Qc4 Bxg6 29. hxg6 Rf8 30. Rf1 Qxg6 31. d6+ Kh8 32. d7 Rcd8 33. Rbd1 Qf5 34. Qe4 Qxe4 35. Bxe4 Rf6 36. Bf3 Rd6 37. Bg4 h5 38. Bxh5 R8xd7 39. Rc1 Rc7 40. Rc4 Rb6 41. Rfc1 Rxb3 42. Rxc5 Rcb7 43. Rc8+ Kh7 44. R1c3 R7b4 45. e3 Bf6 46. R3c4 1/2-1/2

[Event "Calgary CICC op"]
[Site "Calgary CAN"]
[Date "2009.05.16"]
[Round "5"]
[White "Gardner, Robert"]
[Black "Pechenkin, Vladimir"]
[Result "0-1"]
[WhiteElo "2143"]
[BlackElo "2312"]
[PlyCount "88"]
[GameId "2160767910156765"]
[EventDate "2009.05.14"]
[EventType "swiss"]
[EventRounds "9"]
[EventCountry "CAN"]
[SourceTitle "CBM 130 Extra"]
[Source "ChessBase"]
[SourceDate "2009.07.02"]
[SourceVersion "2"]
[SourceVersionDate "2009.07.15"]
[SourceQuality "1"]

1. d3 e5 2. g3 Nc6 3. Bg2 g6 4. e4 Bg7 5. Ne2 Nge7 6. Nbc3 d6 7. Be3 Nd4 8. h3 c6 9. Qd2 Be6 10. f4 h5 11. Bf2 Qd7 12. Nxd4 exd4 13. Ne2 c5 14. b4 Rc8 15. bxc5 dxc5 16. h4 Bg4 17. O-O O-O 18. Kh2 Rfd8 19. Ng1 c4 20. Nf3 c3 21. Qc1 Nc6 22. e5 f6 23. exf6 Bxf6 24. Ng5 Bxg5 25. fxg5 Rf8 26. Bg1 Rxf1 27. Qxf1 Rf8 28. Qe1 Re8 29. Qf1 Re2 30. Re1 Rxc2 31. Re4 Bh3 32. Re2 Rxe2 33. Qxe2 Bxg2 34. Qxg2 Qf5 35. Qc2 Kf8 36. Qb3 Qxd3 37. Qxb7 Qe2+ 38. Kh1 Qf3+ 39. Kh2 Qe2+ 40. Kh1 Qe4+ 41. Kh2 c2 42. Qb2 Ke7 43. Qa3+ Kd7 44. Qc5 d3 0-1

[Event "Calgary CICC op"]
[Site "Calgary CAN"]
[Date "2009.05.16"]
[Round "5"]
[White "Haessel, Dale"]
[Black "Huber, Gregory"]
[Result "1/2-1/2"]
[WhiteElo "2203"]
[BlackElo "2245"]
[PlyCount "84"]
[GameId "2160767910156766"]
[EventDate "2009.05.14"]
[EventType "swiss"]
[EventRounds "9"]
[EventCountry "CAN"]
[SourceTitle "CBM 130 Extra"]
[Source "ChessBase"]
[SourceDate "2009.07.02"]
[SourceVersion "2"]
[SourceVersionDate "2009.07.15"]
[SourceQuality "1"]

1. d4 d5 2. c4 e6 3. Nf3 c6 4. Qc2 Be7 5. g3 f5 6. Bg2 Nf6 7. O-O O-O 8. b3 Ne4 9. Ba3 Nd7 10. Bxe7 Qxe7 11. Nc3 b6 12. Rac1 Bb7 13. cxd5 exd5 14. Qb2 Rae8 15. e3 Ba6 16. Rfe1 Rf6 17. b4 Bc4 18. a4 Rh6 19. b5 a6 20. bxc6 Rxc6 21. Nd2 Nxd2 22. Qxd2 Rd6 23. Qc2 Qf7 24. Bh3 g6 25. Bg2 Nf6 26. Nb1 b5 27. axb5 axb5 28. Nd2 Rc8 29. Qb2 Ne4 30. Nxc4 bxc4 31. f3 Nf6 32. e4 fxe4 33. fxe4 dxe4 34. Bxe4 Qa7 35. Rcd1 Re8 36. Qb7 Qxb7 37. Bxb7 Rxe1+ 38. Rxe1 Rxd4 39. Rc1 Kg7 40. Ba6 Rd6 41. Bxc4 Rc6 42. Rc2 Ng4 1/2-1/2

[Event "Calgary CICC op"]
[Site "Calgary CAN"]
[Date "2009.05.16"]
[Round "5"]
[White "Me, Kevin"]
[Black "Donaldson, John"]
[Result "1/2-1/2"]
[WhiteElo "2116"]
[BlackElo "2409"]
[PlyCount "103"]
[GameId "2160767910156768"]
[EventDate "2009.05.14"]
[EventType "swiss"]
[EventRounds "9"]
[EventCountry "CAN"]
[SourceTitle "CBM 130 Extra"]
[Source "ChessBase"]
[SourceDate "2009.07.02"]
[SourceVersion "2"]
[SourceVersionDate "2009.07.15"]
[SourceQuality "1"]

1. e4 c5 2. Nf3 Nc6 3. d4 cxd4 4. Nxd4 g6 5. c4 Bg7 6. Be3 Nf6 7. Nc3 O-O 8. Be2 d6 9. O-O Bd7 10. Rc1 Nxd4 11. Bxd4 Bc6 12. Qd3 a5 13. Rfd1 Nd7 14. Bxg7 Kxg7 15. Qe3 a4 16. Nd5 e5 17. Rd2 Nc5 18. Rcd1 Qh4 19. Nc3 Nxe4 20. Nxe4 Qxe4 21. Qxe4 Bxe4 22. Rxd6 Rfc8 23. f3 Bc6 24. Kf2 Kf8 25. Ke3 Ke7 26. R1d2 Rc7 27. R6d3 Bd7 28. b3 Be6 29. Bd1 axb3 30. axb3 Ra1 31. Rb2 g5 32. Rdd2 f5 33. Ra2 f4+ 34. Kf2 Rc1 35. Rac2 Rb1 36. Rb2 Rxb2 37. Rxb2 h5 38. Rd2 b6 39. Ke2 g4 40. Kd3 gxf3 41. Bxf3 Rd7+ 42. Kc3 Rxd2 43. Kxd2 h4 44. Kd3 Kd6 45. b4 Bf5+ 46. Be4 Bg4 47. h3 Be6 48. Bf3 Bf5+ 49. Be4 f3 50. gxf3 Bxh3 51. Ke3 Be6 52. c5+ 1/2-1/2

[Event "Calgary CICC op"]
[Site "Calgary CAN"]
[Date "2009.05.16"]
[Round "5"]
[White "Moloney, Nicholas"]
[Black "Peter, Steven"]
[Result "1/2-1/2"]
[WhiteElo "2210"]
[BlackElo "2264"]
[PlyCount "66"]
[GameId "2160767910156769"]
[EventDate "2009.05.14"]
[EventType "swiss"]
[EventRounds "9"]
[EventCountry "CAN"]
[SourceTitle "CBM 130 Extra"]
[Source "ChessBase"]
[SourceDate "2009.07.02"]
[SourceVersion "2"]
[SourceVersionDate "2009.07.15"]
[SourceQuality "1"]

1. d4 Nf6 2. Bg5 d6 3. Bxf6 exf6 4. g3 g6 5. Bg2 Bg7 6. e3 O-O 7. c4 f5 8. Ne2 Nd7 9. Nbc3 Nf6 10. Qd3 c6 11. b4 Re8 12. O-O Qe7 13. b5 Ne4 14. a4 a5 15. Rab1 h5 16. h4 Bh6 17. Nf4 Kh7 18. Bf3 Ra7 19. Kg2 Bd7 20. bxc6 bxc6 21. Rb6 Bxf4 22. exf4 Nxc3 23. Qxc3 c5 24. dxc5 dxc5 25. Rfb1 Rc8 26. Rb7 Rxb7 27. Rxb7 Qe8 28. Qf6 Qe6 29. Qb2 Bc6 30. Bxc6 Qxc6+ 31. Kh2 Qe6 32. Qb5 Qe2 33. Kg2 Qe4+ 1/2-1/2

[Event "Calgary CICC op"]
[Site "Calgary CAN"]
[Date "2009.05.16"]
[Round "5"]
[White "Peng, David Yu"]
[Black "Kaminski, Victor"]
[Result "0-1"]
[WhiteElo "2245"]
[BlackElo "2244"]
[PlyCount "92"]
[GameId "2160767910156772"]
[EventDate "2009.05.14"]
[EventType "swiss"]
[EventRounds "9"]
[EventCountry "CAN"]
[SourceTitle "CBM 130 Extra"]
[Source "ChessBase"]
[SourceDate "2009.07.02"]
[SourceVersion "2"]
[SourceVersionDate "2009.07.15"]
[SourceQuality "1"]

1. e4 c5 2. Nf3 Nc6 3. d4 cxd4 4. Nxd4 g6 5. c4 Bg7 6. Be3 Nf6 7. Nc3 Ng4 8. Qxg4 Nxd4 9. Qd1 Ne6 10. Qd2 d6 11. Be2 Bd7 12. O-O O-O 13. Rad1 Bc6 14. Nd5 Nc5 15. f3 a5 16. Nc3 a4 17. Rb1 Qa5 18. Bd4 Bxd4+ 19. Qxd4 Ne6 20. Qd2 Qb6+ 21. Kh1 Nd4 22. f4 Ne6 23. f5 Qd4 24. Qh6 Nc5 25. Rbd1 Qe5 26. Rf4 Qg7 27. Qh3 Qe5 28. Qh4 Kg7 29. Nd5 Bxd5 30. Rxd5 Qxb2 31. Bf1 f6 32. fxg6 hxg6 33. Rf2 Qc1 34. Kg1 Qe3 35. Qf4 Qxf4 36. Rxf4 Ra6 37. g3 g5 38. Rg4 e5 39. h4 Kg6 40. Rd2 Rb6 41. Rf2 Rh8 42. hxg5 fxg5 43. Bg2 Rb1+ 44. Bf1 Re1 45. Kg2 Re3 46. Kg1 Rd8 0-1

[Event "Calgary CICC op"]
[Site "Calgary CAN"]
[Date "2009.05.17"]
[Round "6"]
[White "Donaldson, John"]
[Black "Neven, Knut"]
[Result "1-0"]
[WhiteElo "2409"]
[BlackElo "2199"]
[PlyCount "77"]
[GameId "2160767910156775"]
[EventDate "2009.05.14"]
[EventType "swiss"]
[EventRounds "9"]
[EventCountry "CAN"]
[SourceTitle "CBM 130 Extra"]
[Source "ChessBase"]
[SourceDate "2009.07.02"]
[SourceVersion "2"]
[SourceVersionDate "2009.07.15"]
[SourceQuality "1"]

1. g3 Nf6 2. Bg2 g6 3. e4 e5 4. c4 Nc6 5. Ne2 d6 6. Nbc3 Bg7 7. d3 O-O 8. O-O Nd4 9. Nxd4 exd4 10. Ne2 c5 11. Rb1 Bd7 12. b4 Rb8 13. bxc5 dxc5 14. Bf4 Rc8 15. Rxb7 Qa5 16. Qd2 Qa4 17. Rfb1 Bc6 18. R7b3 Ba8 19. Qb2 Qd7 20. Qa3 Nh5 21. Bb8 f5 22. Qxa7 Qxa7 23. Bxa7 fxe4 24. dxe4 Nf6 25. f3 Nd7 26. Nf4 Bh6 27. Nd3 Be3+ 28. Kh1 Rf6 29. Ra3 Kg7 30. f4 Bd2 31. e5 Bxg2+ 32. Kxg2 Rfc6 33. Rb7 R8c7 34. Rxc7 Rxc7 35. Ra6 Rb7 36. e6 Nb8 37. Bxb8 Rxb8 38. Ra7+ Kf6 39. Nxc5 1-0

[Event "Calgary CICC op"]
[Site "Calgary CAN"]
[Date "2009.05.17"]
[Round "6"]
[White "Huber, Gregory"]
[Black "Gardner, Robert"]
[Result "0-1"]
[WhiteElo "2245"]
[BlackElo "2143"]
[PlyCount "56"]
[GameId "2160767910156777"]
[EventDate "2009.05.14"]
[EventType "swiss"]
[EventRounds "9"]
[EventCountry "CAN"]
[SourceTitle "CBM 130 Extra"]
[Source "ChessBase"]
[SourceDate "2009.07.02"]
[SourceVersion "2"]
[SourceVersionDate "2009.07.15"]
[SourceQuality "1"]

1. e4 d6 2. Nc3 g6 3. f4 Bg7 4. Nf3 a6 5. a4 b6 6. Bc4 e6 7. O-O Ne7 8. Qe1 O-O 9. d3 d5 10. Bb3 c5 11. Ne2 c4 12. dxc4 dxe4 13. Ng5 f5 14. c5 Nd5 15. c4 Nf6 16. Qb4 bxc5 17. Qxc5 h6 18. Rd1 Nfd7 19. Qd6 hxg5 20. fxg5 Re8 21. c5 Qe7 22. Be3 Qxd6 23. Rxd6 Ne5 24. Nf4 Kf7 25. Rad1 Nbc6 26. Nd5 Rb8 27. Nb6 Bf8 28. Nxc8 Rxb3 0-1

[Event "Calgary CICC op"]
[Site "Calgary CAN"]
[Date "2009.05.17"]
[Round "6"]
[White "Peter, Steven"]
[Black "Kazmaier, Daniel"]
[Result "0-1"]
[WhiteElo "2264"]
[BlackElo "2135"]
[PlyCount "38"]
[GameId "2160767910156782"]
[EventDate "2009.05.14"]
[EventType "swiss"]
[EventRounds "9"]
[EventCountry "CAN"]
[SourceTitle "CBM 130 Extra"]
[Source "ChessBase"]
[SourceDate "2009.07.02"]
[SourceVersion "2"]
[SourceVersionDate "2009.07.15"]
[SourceQuality "1"]

1. e4 e6 2. d4 d5 3. Nc3 Bb4 4. a3 Bxc3+ 5. bxc3 dxe4 6. Qg4 Nf6 7. Qxg7 Rg8 8. Qh6 b6 9. Nh3 Rg6 10. Qe3 Bb7 11. c4 Nc6 12. Bb2 Ne7 13. O-O-O Qd6 14. Nf4 Nf5 15. Qd2 Rg4 16. Nh3 O-O-O 17. Qe2 h5 18. c3 Nh4 19. Rg1 Qxh2 0-1

[Event "Calgary CICC op"]
[Site "Calgary CAN"]
[Date "2009.05.17"]
[Round "6"]
[White "Ristovic, Nenad"]
[Black "Haessel, Dale"]
[Result "1/2-1/2"]
[WhiteElo "2252"]
[BlackElo "2203"]
[PlyCount "198"]
[GameId "2160767910156783"]
[EventDate "2009.05.14"]
[EventType "swiss"]
[EventRounds "9"]
[EventCountry "CAN"]
[SourceTitle "CBM 130 Extra"]
[Source "ChessBase"]
[SourceDate "2009.07.02"]
[SourceVersion "2"]
[SourceVersionDate "2009.07.15"]
[SourceQuality "1"]

1. d4 Nf6 2. c4 g6 3. Nc3 d5 4. Bf4 Bg7 5. e3 O-O 6. Nf3 c5 7. dxc5 Qa5 8. Rc1 dxc4 9. Bxc4 Qxc5 10. Bb3 Nc6 11. O-O Qa5 12. h3 Bf5 13. Ng5 e5 14. Bh2 Rad8 15. Bxf7+ Rxf7 16. Qb3 Rdf8 17. e4 Nd4 18. Qc4 b5 19. Qd3 Rd7 20. exf5 Nb3 21. Qxb5 Qxb5 22. Nxb5 Nxc1 23. Rxc1 gxf5 24. Ne6 Rb8 25. Nxg7 Kxg7 26. Nc7 f4 27. g3 Kf7 28. gxf4 e4 29. Ne6 Rxb2 30. f5 Rxa2 31. Be5 Ra5 32. f4 exf3 33. Ng5+ Ke7 34. Re1 Ra6 35. Bd6+ Kd8 36. Ne6+ Kc8 37. Rc1+ Kb7 38. Nc5+ Kc6 39. Be5 Rd1+ 40. Rxd1 Kxc5 41. Kf2 Nd5 42. Rc1+ Kb4 43. Kxf3 Rh6 44. Ke4 Ne7 45. Rc7 Nxf5 46. Kxf5 Rxh3 47. Rxa7 Kc4 48. Kg4 Rh1 49. Bg3 Kd4 50. Bh4 h5+ 51. Kxh5 Rg1 52. Bg5 Ke4 53. Kg6 Rf1 54. Re7+ Kd5 55. Bf6 Rf2 56. Re1 Kd6 57. Kf7 Kd5 58. Re5+ Kd6 59. Re4 Kd5 60. Rd4+ Kc5 61. Rd1 Re2 62. Ba1 Kc6 63. Kf6 Re3 64. Be5 Kb5 65. Rc1 Ka4 66. Ke6 Rd3 67. Ba1 Kb5 68. Ke5 Ka4 69. Bd4 Rb3 70. Kd5 Rb5+ 71. Bc5 Rb2 72. Kc4 Rb4+ 73. Kd5 Rb2 74. Rc3 Rb3 75. Rc4+ Kb5 76. Rh4 Rd3+ 77. Bd4 Rb3 78. Re4 Ka4 79. Kc4 Rb4+ 80. Kc3 Rb3+ 81. Kc2 Rb7 82. Rh4 Rb5 83. Rh7 Rb8 84. Rh1 Rb7 85. Kd3 Rb5 86. Rc1 Rb7 87. Kc4 Rb4+ 88. Kc5 Rb5+ 89. Kc6 Rb3 90. Bc3 Ra3 91. Kc5 Rb3 92. Bb4 Rb1 93. Rc4 Rh1 94. Be1+ Kb3 95. Re4 Kb2 96. Rb4+ Kc2 97. Kd4 Rh2 98. Rc4+ Kd1 99. Ke3 Re2+ 1/2-1/2

[Event "Calgary CICC op"]
[Site "Calgary CAN"]
[Date "2009.05.17"]
[Round "7"]
[White "Castellanos Rodriguez, Renier"]
[Black "Kaminski, Victor"]
[Result "1-0"]
[WhiteElo "2446"]
[BlackElo "2244"]
[PlyCount "85"]
[GameId "2160767910156784"]
[EventDate "2009.05.14"]
[EventType "swiss"]
[EventRounds "9"]
[EventCountry "CAN"]
[SourceTitle "CBM 130 Extra"]
[Source "ChessBase"]
[SourceDate "2009.07.02"]
[SourceVersion "2"]
[SourceVersionDate "2009.07.15"]
[SourceQuality "1"]

1. e4 e6 2. d4 d5 3. Nc3 Bb4 4. e5 c5 5. a3 Bxc3+ 6. bxc3 Qc7 7. Qg4 f5 8. Qg3 cxd4 9. cxd4 Ne7 10. Bd2 O-O 11. Bd3 b6 12. Ne2 Ba6 13. Nf4 Qd7 14. Bxa6 Nxa6 15. h4 Rac8 16. c3 Rc4 17. h5 Rf7 18. h6 g6 19. O-O Nb8 20. a4 Nbc6 21. Nh5 Kh8 22. Bg5 Na5 23. Nf4 Kg8 24. Rfb1 Kf8 25. Bf6 Ke8 26. Nh3 Ng8 27. Bg7 Qc8 28. Ng5 Rxc3 29. Qh4 Rxg7 30. hxg7 h6 31. Nh7 Kf7 32. Nf6 Kxg7 33. Nxg8 Kxg8 34. Qxh6 Qe8 35. Rc1 Rc4 36. Rxc4 Nxc4 37. Rb1 Kf7 38. Qh7+ Kf8 39. Rb3 Qf7 40. Qh8+ Qg8 41. Qf6+ Qf7 42. Qd8+ Qe8 43. Qg5 1-0

[Event "Calgary CICC op"]
[Site "Calgary CAN"]
[Date "2009.05.17"]
[Round "7"]
[White "Donaldson, John"]
[Black "Pechenkin, Vladimir"]
[Result "0-1"]
[WhiteElo "2409"]
[BlackElo "2312"]
[PlyCount "58"]
[GameId "2160767910156785"]
[EventDate "2009.05.14"]
[EventType "swiss"]
[EventRounds "9"]
[EventCountry "CAN"]
[SourceTitle "CBM 130 Extra"]
[Source "ChessBase"]
[SourceDate "2009.07.02"]
[SourceVersion "2"]
[SourceVersionDate "2009.07.15"]
[SourceQuality "1"]

1. Nf3 f5 2. g3 Nf6 3. Bg2 d6 4. O-O e5 5. d3 g6 6. c4 Bg7 7. Nc3 Nc6 8. Rb1 h6 9. b4 O-O 10. b5 Ne7 11. Nd2 g5 12. Qb3 Kh8 13. a4 Rb8 14. Ba3 Be6 15. Nd5 f4 16. Nxe7 Qxe7 17. Ne4 b6 18. a5 Nxe4 19. Bxe4 h5 20. axb6 axb6 21. Bb2 Qf6 22. d4 exd4 23. Qd3 Rbe8 24. Rbd1 Bh3 25. Bxd4 Qxd4 26. Qxd4 Bxd4 27. Rxd4 Bxf1 28. Kxf1 fxg3 29. hxg3 Kg7 0-1

[Event "Calgary CICC op"]
[Site "Calgary CAN"]
[Date "2009.05.17"]
[Round "7"]
[White "Gardner, Robert"]
[Black "Moloney, Nicholas"]
[Result "1-0"]
[WhiteElo "2143"]
[BlackElo "2210"]
[PlyCount "63"]
[GameId "2160767910156786"]
[EventDate "2009.05.14"]
[EventType "swiss"]
[EventRounds "9"]
[EventCountry "CAN"]
[SourceTitle "CBM 130 Extra"]
[Source "ChessBase"]
[SourceDate "2009.07.02"]
[SourceVersion "2"]
[SourceVersionDate "2009.07.15"]
[SourceQuality "1"]

1. f4 d5 2. Nf3 Nf6 3. e3 c5 4. Be2 g6 5. O-O Bg7 6. d3 b6 7. a4 a6 8. c3 O-O 9. Bd2 Bb7 10. Na3 Ne8 11. Rb1 Nd7 12. b4 Nd6 13. bxc5 Nxc5 14. d4 Nce4 15. c4 Bc6 16. cxd5 Bxd5 17. Ne5 Qc7 18. Rc1 Qb7 19. Bf3 Rfc8 20. Qe2 Bf8 21. Bb4 e6 22. Bxd6 Bxd6 23. Nac4 Bb4 24. Qb2 a5 25. Bxe4 Bxe4 26. Ng4 Bd5 27. Nce5 Kg7 28. e4 Bxe4 29. d5 f6 30. Nxf6 Kxf6 31. Ng4+ Ke7 32. Qg7+ 1-0

[Event "Calgary CICC op"]
[Site "Calgary CAN"]
[Date "2009.05.17"]
[Round "7"]
[White "Haessel, Dale"]
[Black "Peng, David Yu"]
[Result "1-0"]
[WhiteElo "2203"]
[BlackElo "2245"]
[PlyCount "137"]
[GameId "2160767910156787"]
[EventDate "2009.05.14"]
[EventType "swiss"]
[EventRounds "9"]
[EventCountry "CAN"]
[SourceTitle "CBM 130 Extra"]
[Source "ChessBase"]
[SourceDate "2009.07.02"]
[SourceVersion "2"]
[SourceVersionDate "2009.07.15"]
[SourceQuality "1"]

1. d4 f5 2. c4 Nf6 3. Nc3 d6 4. g3 g6 5. Bg2 Bg7 6. Nf3 O-O 7. O-O Qe8 8. d5 h6 9. Nd4 c5 10. dxc6 bxc6 11. Rb1 e5 12. Ndb5 Qe7 13. Qxd6 Qxd6 14. Nxd6 Be6 15. e4 a5 16. exf5 gxf5 17. Bh3 Nfd7 18. b3 Na6 19. Ba3 Nb4 20. Rbd1 Nc5 21. Bc1 e4 22. Be3 Nbd3 23. Ne2 Be5 24. Bxc5 Nxc5 25. Nd4 Bxd4 26. Rxd4 Ra7 27. f3 e3 28. Re1 f4 29. Ne4 Bxh3 30. Nxc5 Rg7 31. Ne4 fxg3 32. Rxe3 gxh2+ 33. Kxh2 Bd7 34. Rd6 Bf5 35. Rf6 Rxf6 36. Nxf6+ Kf7 37. Ne4 Bxe4 38. Rxe4 Kf6 39. Rh4 Rh7 40. Rd4 Ke5 41. Rh4 h5 42. Kg3 Rg7+ 43. Kf2 Rh7 44. Ke3 Kf5 45. Kf2 Rh6 46. c5 Rh8 47. Kg3 Ke5 48. Ra4 Kd5 49. Rxa5 h4+ 50. Kh3 Rf8 51. Kxh4 Rxf3 52. Kg5 Rf2 53. b4 Kc4 54. a3 Rf3 55. Kg4 Rf6 56. Kg3 Kb3 57. Ra6 Kc4 58. Rb6 Kd5 59. a4 Rf1 60. a5 Ra1 61. Kf4 Rf1+ 62. Kg5 Rf2 63. a6 Ra2 64. Kf6 Ra1 65. Ke7 Rh1 66. Kd7 Rh2 67. Kc8 Rh7 68. Rb7 Rh5 69. Kc7 1-0

[Event "Calgary CICC op"]
[Site "Calgary CAN"]
[Date "2009.05.17"]
[Round "7"]
[White "Neven, Knut"]
[Black "Huber, Gregory"]
[Result "1/2-1/2"]
[WhiteElo "2199"]
[BlackElo "2245"]
[PlyCount "25"]
[GameId "2160767910156792"]
[EventDate "2009.05.14"]
[EventType "swiss"]
[EventRounds "9"]
[EventCountry "CAN"]
[SourceTitle "CBM 130 Extra"]
[Source "ChessBase"]
[SourceDate "2009.07.02"]
[SourceVersion "2"]
[SourceVersionDate "2009.07.15"]
[SourceQuality "1"]

1. e4 c5 2. Nf3 d6 3. c3 Nf6 4. h3 Nbd7 5. Bd3 b6 6. O-O Bb7 7. Re1 e5 8. Bc2 Be7 9. d3 O-O 10. Nbd2 Qc7 11. Nc4 Rfe8 12. Ne3 g6 13. Bb3 1/2-1/2

[Event "Calgary CICC op"]
[Site "Calgary CAN"]
[Date "2009.05.18"]
[Round "8"]
[White "Me, Kevin"]
[Black "Kaminski, Victor"]
[Result "0-1"]
[WhiteElo "2116"]
[BlackElo "2244"]
[PlyCount "66"]
[GameId "2160767910156797"]
[EventDate "2009.05.14"]
[EventType "swiss"]
[EventRounds "9"]
[EventCountry "CAN"]
[SourceTitle "CBM 130 Extra"]
[Source "ChessBase"]
[SourceDate "2009.07.02"]
[SourceVersion "2"]
[SourceVersionDate "2009.07.15"]
[SourceQuality "1"]

1. e4 c5 2. Nf3 Nc6 3. d4 cxd4 4. Nxd4 Nf6 5. Nc3 g6 6. Be3 Bg7 7. Be2 O-O 8. O-O d6 9. h3 Bd7 10. Qd2 Qa5 11. Nb3 Qd8 12. f4 Be6 13. Bf3 Bc4 14. Rfe1 Nd7 15. Nd4 Nxd4 16. Bxd4 e5 17. Bf2 exf4 18. Qxd6 Ne5 19. Qxd8 Rfxd8 20. Rad1 Nxf3+ 21. gxf3 Rxd1 22. Rxd1 Bxc3 23. bxc3 Bxa2 24. Ra1 Be6 25. Rxa7 Rxa7 26. Bxa7 Bxh3 27. c4 Bd7 28. Bd4 g5 29. c5 h6 30. c3 Kh7 31. Kg2 Kg6 32. Kf2 Bc6 33. Be5 f5 0-1

[Event "Calgary CICC op"]
[Site "Calgary CAN"]
[Date "2009.05.18"]
[Round "8"]
[White "O'Donnell, Tom"]
[Black "Castellanos Rodriguez, Renier"]
[Result "1/2-1/2"]
[WhiteElo "2370"]
[BlackElo "2446"]
[PlyCount "120"]
[GameId "2160767910156799"]
[EventDate "2009.05.14"]
[EventType "swiss"]
[EventRounds "9"]
[EventCountry "CAN"]
[SourceTitle "CBM 130 Extra"]
[Source "ChessBase"]
[SourceDate "2009.07.02"]
[SourceVersion "2"]
[SourceVersionDate "2009.07.15"]
[SourceQuality "1"]

1. c4 g6 2. Nc3 Bg7 3. g3 Nf6 4. Bg2 O-O 5. Nf3 d6 6. O-O Nc6 7. d3 Nh5 8. Bd2 f5 9. Rb1 a5 10. a3 f4 11. b4 axb4 12. axb4 Bg4 13. Nd5 e5 14. b5 Ne7 15. Ng5 Kh8 16. Nxe7 Qxe7 17. Ne4 Qd7 18. Bc3 h6 19. Qd2 Rf7 20. Ra1 Raf8 21. Ra7 b6 22. Rfa1 f3 23. exf3 Bxf3 24. Bxf3 Rxf3 25. Ra8 d5 26. Rxf8+ Rxf8 27. cxd5 Qxd5 28. Ra7 Rf7 29. Qa2 Qxa2 30. Rxa2 Rd7 31. Ra7 Rd5 32. Rxc7 Rxb5 33. Kf1 Rd5 34. Ke2 b5 35. Rc6 Kh7 36. Rb6 Bf8 37. Rb7+ Kg8 38. Kd2 Bg7 39. Rb8+ Kf7 40. Rb7+ Kg8 41. Rb6 Kf7 42. Rxb5 Rxb5 43. Nd6+ Ke6 44. Nxb5 Nf6 45. f3 h5 46. Na3 Nd5 47. Bb2 h4 48. Nc4 hxg3 49. hxg3 Bf6 50. Ke2 Ne7 51. Kf2 Nd5 52. Ke2 Ne7 53. Bc1 Nc6 54. Be3 Be7 55. Nd2 Nb4 56. Ne4 Nd5 57. Bd2 Nc7 58. Bc3 Nd5 59. Kf2 Kf5 60. g4+ Ke6 1/2-1/2

[Event "Calgary CICC op"]
[Site "Calgary CAN"]
[Date "2009.05.18"]
[Round "8"]
[White "Pechenkin, Vladimir"]
[Black "Peng, David Yu"]
[Result "1-0"]
[WhiteElo "2312"]
[BlackElo "2245"]
[PlyCount "61"]
[GameId "2160767910156800"]
[EventDate "2009.05.14"]
[EventType "swiss"]
[EventRounds "9"]
[EventCountry "CAN"]
[SourceTitle "CBM 130 Extra"]
[Source "ChessBase"]
[SourceDate "2009.07.02"]
[SourceVersion "2"]
[SourceVersionDate "2009.07.15"]
[SourceQuality "1"]

1. f4 d5 2. Nf3 Nc6 3. e3 Bg4 4. Bb5 Qd6 5. h3 Bxf3 6. Qxf3 O-O-O 7. O-O e6 8. d3 Nge7 9. a3 g6 10. Nc3 Bg7 11. Bd2 f5 12. Ba4 e5 13. Nb5 Qf6 14. fxe5 Nxe5 15. Qf4 a6 16. Nxc7 Kxc7 17. d4 Kb8 18. Bc3 Qe6 19. dxe5 h6 20. Rad1 g5 21. Qg3 Rhg8 22. Bb3 Bh8 23. Kh1 h5 24. e4 f4 25. exd5 Rxd5 26. Qf3 g4 27. Qxd5 Nxd5 28. Bxd5 Qc8 29. Bxg8 gxh3 30. Bd5 Qg4 31. Rd3 1-0

[Event "Calgary CICC op"]
[Site "Calgary CAN"]
[Date "2009.05.18"]
[Round "9"]
[White "Gardner, Robert"]
[Black "O'Donnell, Tom"]
[Result "0-1"]
[WhiteElo "2143"]
[BlackElo "2370"]
[PlyCount "82"]
[GameId "2160767910156803"]
[EventDate "2009.05.14"]
[EventType "swiss"]
[EventRounds "9"]
[EventCountry "CAN"]
[SourceTitle "CBM 130 Extra"]
[Source "ChessBase"]
[SourceDate "2009.07.02"]
[SourceVersion "2"]
[SourceVersionDate "2009.07.15"]
[SourceQuality "1"]

1. d4 d5 2. c4 dxc4 3. Nf3 a6 4. a4 Nf6 5. e3 e6 6. Bxc4 c5 7. O-O Nc6 8. Nc3 Be7 9. dxc5 Bxc5 10. Qxd8+ Kxd8 11. Rd1+ Ke7 12. e4 Ng4 13. Bg5+ f6 14. Bh4 b6 15. Bg3 Bb7 16. h3 Nge5 17. Nxe5 Nxe5 18. Bxe5 fxe5 19. Rd2 Rhd8 20. Rad1 Rxd2 21. Rxd2 Rc8 22. Be2 Bd4 23. Rd3 a5 24. Rg3 g6 25. Kf1 Bxc3 26. bxc3 Bxe4 27. Bb5 Bc6 28. c4 Bxb5 29. cxb5 Rc4 30. Ra3 Kd6 31. Rf3 Kc5 32. Rf6 Rxa4 33. Rxe6 Kxb5 34. Rxe5+ Kc6 35. Re6+ Kc5 36. Re7 Rd4 37. Rxh7 a4 38. Ke2 a3 39. Ra7 Kb4 40. Ke3 Rd5 41. Ra6 Rb5 0-1